000 00284nam a2200109Ia 4500
008 190216s9999||||xx |||||||||||||| ||und||
100 _a"Gurdeep Chatwal&Amp; Yadav M,S"
245 0 _aOrganometallic Chemistry
260 _bHimalaya Publishing House
_c1995
300 _a359p
942 _cBK
999 _c2809
_d2809